000 00298nam a22001337a 4500
008 171010b xxu||||| |||| 00| 0 eng d
020 _a0133784223
041 _aeng
080 _a316
100 _a50
101 _aSOC
245 _aHANDBOOK OF HUMAN SEXUALITY
_cWOLMAN.B.B
942 _2udc
_cBK
999 _c32921
_d32921